000
00342nam a2200169Ia 4500
100
_a
Yathish R/ Tejaaswini/N
650
_a
Block chain
942
_c
BK
366
_f
20
654
_a
blockchain
245
_a
Blockchain for begineers
260
_b
Oreilly
_c
2019
082
_b
YAT
300
_a
127
546
_a
ENGLISH
999
_c
32986
_d
32986